Statistics for Slovakia Immigration by Country

Click here to take the quiz!

General Stats

  • This quiz has been taken 206 times
  • The average score is 17 of 20

Answer Stats

# PeopleCountry of Origin% Correct
10,137Czech Republic
99%
4,380Germany
98%
1,970United Kingdom
98%
13,024Ukraine
96%
7,813Hungary
96%
5,562Poland
96%
4,035Russia
95%
6,907Romania
94%
2,334Austria
93%
2,757Italy
91%
1,398France
90%
977Spain
89%
910United States
89%
7,232Serbia
87%
1,058Croatia
86%
2,346China
84%
2,580Vietnam
61%
913North Macedonia
43%
1,056Iran
36%
1,638South Korea
34%

Score Distribution

Percentile by Number Answered

Percent of People with Each Score

Your Score History

You have not taken this quiz